| 000 | 00796nam a22002537a 4500 | ||
|---|---|---|---|
| 003 | dpl | ||
| 005 | 20180531124046.0 | ||
| 008 | 180531b xxu||||| |||| 00| 0 eng d | ||
| 010 | _aB-107588 | ||
| 020 |
_c00.00 _a0070444986 |
||
| 035 | _aB-107588, B-107595 | ||
| 037 | _bCen Lib/Ret | ||
| 040 |
_aDPL _bEN _c0 |
||
| 082 |
_a362.1 _bBAN |
||
| 100 |
_aansal, Mohan _917714 |
||
| 245 |
_aMedical informatic : _cby Mohan Bansal _ba primer / |
||
| 260 |
_aNew Delhi _bTata McGraw-Hill _c2003 |
||
| 270 |
_bNew Delhi _a7 Patel Nagar _e110008 |
||
| 300 |
_axviii,439p. _c24cm(Hb) |
||
| 500 | _aIncludes bibliographical references and index | ||
| 650 |
_aMedicine--Data processing _917715 |
||
| 650 |
_aMedicine--Information services _917716 |
||
| 942 |
_2ddc _cEN _h362.1 _mBAN |
||
| 999 |
_c126510 _d126510 |
||